| 000 | 00360 a2200109 4500 | ||
|---|---|---|---|
| 001 | ART_61502 | ||
| 005 | 20260410162056.0 | ||
| 008 | 260409a | ||
| 245 | 1 | 0 | _aJuicio por jurados. El recurso del acusador. |
| 100 | 1 | _aGrappasonno, Nicolás | |
| 773 | 0 |
_tTemas de derecho penal y procesal penal _g- Año 6, N° 6/7 (jun./jul. 2024) _wREV60798 |
|
| 999 |
_c36267 _d36267 |
||